000 00398nam a2200145 i 4500
001 41513
003 ES-MaACL
007 t|
008 030311s1889 sp ||||1| spa d
100 1 _aCaso, José de.
_936323
245 1 3 _aLa enseñanza del idioma /
_cpor José de Caso.
260 _aBarcelona :
_b[s.n.,
_c1889] (
_fVda. de Hernando)
300 _a225 p. ;
_c20 cm.
852 _aES-MaACL
_jG-1281
999 _c41513
_d41513